At risk : natural hazards, people's vulnerability, and disasters

Αποθηκεύτηκε σε:
Λεπτομέρειες βιβλιογραφικής εγγραφής
Κύριος συγγραφέας: Blaikie, Piers M.
Μορφή: Βιβλίο
Γλώσσα:English
Δημοσίευση: London : Routledge, 1997
Θέματα:
Ετικέτες: Προσθήκη ετικέτας
Δεν υπάρχουν, Καταχωρήστε ετικέτα πρώτοι!

MARC

LEADER 00000nam a2200000 i 4500
001 1/94837
008 991130s1997 eng d
020 |a 0-415-08477-6 
035 |l 10055012 
040 |a GR-MY-UA  |b gre  |e aacr 
041 0 |a eng 
082 0 |a 363.34 
100 1 |a Blaikie, Piers M. 
245 1 0 |a At risk :  |b natural hazards, people's vulnerability, and disasters /  |c Piers Blaikie...[et. al.] 
260 |a London :   |b Routledge,   |c 1997 
300 |a xiv, 284 p.;  |b fig.;  |c 25 cm. 
504 |a Includes bibliographical references and index 
650 0 0 |a Natural disasters. 
852 |a INST  |b LESVOS  |e 19991130  |h 363.34 BLA  |p 005100022120  |q 005100022120  |t BK  |y 0 
901 |a BIBL1-2000-1 
909 |a Λ  |b 070252 
922 |a 1ΕΛΗ  |b 199911  |c ΚΠΣ/ΤΓ  |d LEADER 
950 |a 118-1999-09-03 
970 |a ΜΟΥΣΤΑΚΑ  |b ΠΗΝΕΛΟΠΗ  |z 2000/01/22